| 000 | 00391nam a2200145Ia 4500 | ||
|---|---|---|---|
| 008 | 150201s2002 xx 000 0 und d | ||
| 082 |
_a617.6 _bM2002B |
||
| 100 | _aBHATIA.M.S | ||
| 245 | _aCBS AIIMS MD ENTRANCE EXAMINATION | ||
| 250 | _a11TH | ||
| 260 |
_bC.B.S PUBLISHERS & DISTRIBUTERS _aDARYAGANJ (NEW DELHI) _c2002 |
||
| 300 | _a1-365 | ||
| 650 | _aGENERAL DENTISTRY | ||
| 942 |
_2ddc _cBK |
||
| 999 |
_c2804 _d2804 |
||